| 000 | 00386nam a2200169Ia 4500 | ||
|---|---|---|---|
| 005 | 20250603144416.0 | ||
| 008 | 250603s9999 xx 000 0 und d | ||
| 020 | _a9780307605 | ||
| 050 | _aPL 8823 .D5/ | ||
| 245 | 2 | _aA Dictionary of the Yoruba Language | |
| 260 | _aIbadan | ||
| 260 | _bUniversity Press | ||
| 260 | _c2010 | ||
| 300 | _a242 p | ||
| 650 | _aIbadan | ||
| 942 | _cBK | ||
| 999 |
_c38832 _d38832 |
||